| 000 | 00501nam a2200193 a 4500 | ||
|---|---|---|---|
| 001 | 29547 | ||
| 005 | 20180713232618.0 | ||
| 008 | 140415s1998 mx 000 0 spa d | ||
| 020 | _a9682601347 | ||
| 041 | _aspa | ||
| 082 |
_a511.3 _bCOP |
||
| 100 | 1 | _aCOPI, IRVING M. | |
| 245 | 1 | 0 | _aLOGICA SIMBOLICA |
| 250 | _a1a ed. | ||
| 260 |
_aMEXICO : _bCOMPAÑIA EDITORIAL CONTINENTAL, _c1998 |
||
| 300 | _a406 | ||
| 650 | 1 | 4 | _aLOGICA SIMBOLICA |
| 700 | 1 |
_aSESTIER BOULIER, ANDRES _etr. |
|
| 999 |
_c29547 _d29547 |
||